00788nam a22001697a 4500003000900000008004100009040007100050082002600121100002500147245005400172260003000226300002100256505024400277650001700521650003900538650004100577AR-CdUCM190409b ||||| |||| 00| 0 spa d aMUNICIPALIDAD PROVINCIAL DEL CUSCOcBIBLIOTECA MUNICIPAL DEL CUSCO a985.009 /bM42 / 1885 aMendiburo, Manuel de aDiccionario histórico-biográfico del Perú / aLima :bBolognesi,c1885. a4 tomos ;c21 cm aContenido:t.5: que corresponde a la época de la dominación española -- t.6: de la dominación española -- t.7: corresponde a la época de la dominación española -- t.8: corresponde a la época de la dominación española. aDiccionario. aDiccionario histórico del Perú aDiccionario biográfico del Perú.